Các tính năng cực mạnh trong xử lý ảnh của Photoshop 8.0. t.III, Áp dụng các công cụ tô, kênh và lớp /
Đã lưu trong:
| Tác giả chính: | |
|---|---|
| Định dạng: | Sách giấy |
| Ngôn ngữ: | Vietnamese |
| Được phát hành: |
H. :
Thống kê,
2004.
|
| Những chủ đề: | |
| Các nhãn: |
Thêm thẻ
Không có thẻ, Là người đầu tiên thẻ bản ghi này!
|
| Thư viện lưu trữ: | Thư viện Trường Đại học Đà Lạt |
|---|
| LEADER | 00832nam a2200313 4500 | ||
|---|---|---|---|
| 001 | DLU110126865 | ||
| 005 | ##20111019 | ||
| 040 | # | # | |a DLU |b vie |
| 041 | # | # | |a vie |
| 044 | # | # | |a vn |
| 082 | # | # | |a 006.68 |b MI-T |
| 100 | # | # | |a Minh Trung. |
| 245 | # | # | |a Các tính năng cực mạnh trong xử lý ảnh của Photoshop 8.0. |n t.III, |p Áp dụng các công cụ tô, kênh và lớp / |c Minh Trung. |
| 260 | # | # | |a H. : |b Thống kê, |c 2004. |
| 300 | # | # | |a 188 tr. : |b minh hoạ ; |c 21 cm. |
| 650 | # | # | |a Adobe Photoshop. |
| 650 | # | # | |a Xử lý hình ảnh |x Phần mềm. |
| 923 | # | # | |a 01/2011CT |
| 990 | # | # | |a t.III |
| 991 | # | # | |a GT |
| 992 | # | # | |a 22000 |
| 994 | # | # | |a KCT |
| 900 | # | # | |a True |
| 911 | # | # | |a Đào Thị Thu Huyền |
| 925 | # | # | |a G |
| 926 | # | # | |a A |
| 927 | # | # | |a SH |
| 980 | # | # | |a Thư viện Trường Đại học Đà Lạt |